000 01259nam a22002537a 4500
999 _c423667
_d423667
003 UA-OsUOA
005 20191004095632.0
008 190904b un ||||| |||| 00| 0 ukr d
020 _a966 8415 03 5
040 _aUA-OsUOA
_bukr
_cUA-OsUOA
_dUA-OsUOA
041 _aukr
080 _a340.12(081)
090 _a340.12(081)
_bІ - 90
245 _aІсторико-правові проблеми автономізму та федералізму
_bматеріали Х-ї Міжнародної історико-правової конференції 22 - 24 вересня 2003 року м. Севастополь
_cза ред. О. В. Тимощука ; гол. ред. Г. І. Хмільовська
260 _aСімферополь
_bВсеукраїнський інформаційно-культурний центр
_c2004
300 _a464 с.
365 _b25,00
650 _a340.1 Типи та форми права
700 1 _aГ. І. Хмільовська
856 4 0 _yКлацніть тут для перегляду онлайн
942 _2udc
_cBK